000 01471nam a2200361Ia 4500
001 ebr10364077
003 CaPaEBR
006 m u
007 cr cn|||||||||
008 090710s2010 txuc s s001 0ceng d
010 _z 2009028224
020 _z9780292723016 (cloth : alk. paper)
020 _z9780292718326 (pbk. : alk. paper)
040 _aCaPaEBR
_cCaPaEBR
035 _a(OCoLC)609699441
050 1 4 _aE185.96
_b.S684 2010eb
100 1 _aSpearman, Joah,
_d1983-
245 1 0 _aReal role models
_h[electronic resource] :
_bsuccessful African Americans beyond pop culture /
_cJoah Spearman & Louis Harrison, Jr.
250 _a1st ed.
260 _aAustin :
_bUniversity of Texas Press,
_c2010.
300 _axv, 158 p. :
_bports.
500 _aIncludes index.
533 _aElectronic reproduction.
_bPalo Alto, Calif. :
_cebrary,
_d2011.
_nAvailable via World Wide Web.
_nAccess may be limited to ebrary affiliated libraries.
650 0 _aAfrican Americans
_vBiography.
650 0 _aRole models
_zUnited States
_vBiography.
650 0 _aSuccessful people
_zUnited States
_vBiography.
650 0 _aAfrican American professional employees
_vBiography.
650 0 _aAfrican American leadership.
655 7 _aElectronic books.
_2local
700 1 _aHarrison, Louis,
_d1955-
710 2 _aebrary, Inc.
856 4 0 _uhttp://site.ebrary.com/lib/rucke/Doc?id=10364077
_zAn electronic book accessible through the World Wide Web; click to view
999 _c111267
_d111267